Setkání s Ježíšem na Hoře, v podobenstvích, u Jezera a s učedníky : výklad biblických textů, meditace, modlitby /

Hlavní autor: Merell, Jan, 1904-1986
Korporativní autor: Katolická církev. Česká katolická charita
Jazyk: Čeština
Vydáno: Praha : Ústřední církevní nakladatelství, 1987
Vydání: 2., přeprac. vyd.
Témata:
Externí odkaz: Digitalizovaný dokument
Fyzický popis: 278 s.
Knihy
Uloženo v:
LEADER 01107nam a22002892a 4500
001 000837253
003 CZ BrMZK
005 20070110102559.0
007 ta
008 070110s1987 xr er|||||||||||cze d
015 |a cnb000034933 
035 |a (OCoLC)85608943 
040 |a BOA001  |b cze 
080 9 |a 225 
100 1 |a Merell, Jan,  |d 1904-1986  |7 jk01081265  |4 aut 
245 1 0 |a Setkání s Ježíšem na Hoře, v podobenstvích, u Jezera a s učedníky :  |b výklad biblických textů, meditace, modlitby /  |c Jan Merell 
250 |a 2., přeprac. vyd. 
260 |a Praha :  |b Ústřední církevní nakladatelství,  |c 1987 
300 |a 278 s. 
550 |a Vydavatel: Česká katolická Charita 
710 2 |a Katolická církev.  |b Česká katolická charita  |7 kn20010725039 
856 4 1 |u http://www.digitalniknihovna.cz/mzk/uuid/uuid:ba1364a0-45e4-11e3-9c86-005056827e51  |y Digitalizovaný dokument  |x NDK 
910 |a BOA001  |b 2-0926.533 
964 |a Biblické texty - výklady 
990 |a BK 
991 |b 200701 
996 6 |b 2619334590  |c 2-0926.533  |l MZK  |r Sklad / do 1 hodiny  |n 1  |w 000837253  |u 000010  |a 1  |e BOA001  |j MZK50  |s P